Centro de Bogotá /

Gespeichert in:
Bibliographische Detailangaben
Körperschaft: Bogotá (Colombia) Alcaldía Mayor
Format: Buch
Sprache:Spanish
Veröffentlicht: Bogotá : Alcaldía Mayor, 2001.
Schlagworte:
Tags: Tag hinzufügen
Keine Tags, Fügen Sie den ersten Tag hinzu!

MARC

LEADER 00000cam a2200000 a 4500
005 20150720151740.0
008 010809s2001 ck a r 00010 spa d
040 |a la   |c la 
041 0 |a spa 
082 0 4 |a 986.1  |b B675c  |2 19 ed. 
110 1 |a Bogotá (Colombia)  |b Alcaldía Mayor. 
245 1 0 |a Centro de Bogotá /   |c Alcaldía Mayor. 
260 |a Bogotá :   |b Alcaldía Mayor,   |c 2001. 
300 |a 20 páginas :  |b ilustraciones a color 
651 1 4 |a BOGOTA (COLOMBIA) 
942 |2 ddc  |c REF 
999 |c 4359  |d 4359